<?xml version="1.0" encoding="UTF-8"?><?xml-stylesheet type="text/xsl" href="static/style.xsl"?><OAI-PMH xmlns="http://www.openarchives.org/OAI/2.0/" xmlns:xsi="http://www.w3.org/2001/XMLSchema-instance" xsi:schemaLocation="http://www.openarchives.org/OAI/2.0/ http://www.openarchives.org/OAI/2.0/OAI-PMH.xsd"><responseDate>2026-04-19T04:27:41Z</responseDate><request verb="GetRecord" identifier="oai:riubu.ubu.es:10259/10185" metadataPrefix="marc">https://riubu.ubu.es/oai/request</request><GetRecord><record><header><identifier>oai:riubu.ubu.es:10259/10185</identifier><datestamp>2025-02-12T01:05:25Z</datestamp><setSpec>com_10259_6171</setSpec><setSpec>com_10259_5086</setSpec><setSpec>com_10259_2604</setSpec><setSpec>col_10259_7105</setSpec></header><metadata><record xmlns="http://www.loc.gov/MARC21/slim" xmlns:doc="http://www.lyncode.com/xoai" xmlns:xsi="http://www.w3.org/2001/XMLSchema-instance" xmlns:dcterms="http://purl.org/dc/terms/" xsi:schemaLocation="http://www.loc.gov/MARC21/slim http://www.loc.gov/standards/marcxml/schema/MARC21slim.xsd">
<leader>00925njm 22002777a 4500</leader>
<datafield tag="042" ind1=" " ind2=" ">
<subfield code="a">dc</subfield>
</datafield>
<datafield tag="720" ind1=" " ind2=" ">
<subfield code="a">Ortega López, Vanesa</subfield>
<subfield code="e">author</subfield>
</datafield>
<datafield tag="720" ind1=" " ind2=" ">
<subfield code="a">Serrano López, Roberto</subfield>
<subfield code="e">author</subfield>
</datafield>
<datafield tag="720" ind1=" " ind2=" ">
<subfield code="a">Marcos, Ignacio</subfield>
<subfield code="e">author</subfield>
</datafield>
<datafield tag="720" ind1=" " ind2=" ">
<subfield code="a">Faleschini, Flora</subfield>
<subfield code="e">author</subfield>
</datafield>
<datafield tag="720" ind1=" " ind2=" ">
<subfield code="a">Skaf Revenga, Marta</subfield>
<subfield code="e">author</subfield>
</datafield>
<datafield tag="720" ind1=" " ind2=" ">
<subfield code="a">Manso Morato, Javier</subfield>
<subfield code="e">author</subfield>
</datafield>
<datafield tag="260" ind1=" " ind2=" ">
<subfield code="c">2024</subfield>
</datafield>
<datafield tag="520" ind1=" " ind2=" ">
<subfield code="a">En el campo de la energía eólica se están experimentando grandes problemas de sostenibilidad, debido a que gran parte del parque de aerogeneradores actual está llegando al límite su vida útil. Para poder subsanar esta disyuntiva, se propone desmantelar las palas de las turbinas de los aerogeneradores, las cuales son de difícil reciclaje, y convertirlas en Triturado de Pala de Aerogenerador (TPA) a través de su corte y machaqueo no selectivo. El TPA está compuesto por materiales reforzados con fibras de vidrio o carbono, resinas poliméricas, poliuretano y madera de balsa, de tal forma que se pretende incorporar este residuo al hormigón y estudiar así su comportamiento frente a altas temperaturas.</subfield>
</datafield>
<datafield tag="024" ind2=" " ind1="8">
<subfield code="a">http://hdl.handle.net/10259/10185</subfield>
</datafield>
<datafield ind1=" " ind2=" " tag="653">
<subfield code="a">Hormigón</subfield>
</datafield>
<datafield ind1=" " ind2=" " tag="653">
<subfield code="a">Triturado de pala de aerogenerador</subfield>
</datafield>
<datafield ind1=" " ind2=" " tag="653">
<subfield code="a">Choque térmico</subfield>
</datafield>
<datafield ind1=" " ind2=" " tag="653">
<subfield code="a">Compresión</subfield>
</datafield>
<datafield ind1=" " ind2=" " tag="653">
<subfield code="a">Velocidad de impulso ultrasónico</subfield>
</datafield>
<datafield tag="245" ind1="0" ind2="0">
<subfield code="a">Efecto del choque térmico en el comportamiento de hormigón con triturado de pala de aerogenerador</subfield>
</datafield>
</record></metadata></record></GetRecord></OAI-PMH>